| 000 | 02730 a2200313 4500 | ||
|---|---|---|---|
| 003 | Nust | ||
| 005 | 20170207154053.0 | ||
| 020 | _a978-0-470-52206-6 | ||
| 020 | _a978-0-470-52206-6 | ||
| 035 | _a(AU-PeEL)EBL456132 | ||
| 035 | _a(OCoLC)457179586 | ||
| 040 | _cNust | ||
| 082 | 0 | 0 |
_a332.63 _a332.63 _a332.63 |
| 100 | 1 | _aDAVID J. LYNN,YUSHENG HAO. | |
| 245 | 1 | 0 |
_aActive Private Equity Real Estate Strategy (E-Book) _h[Elektronisk resurs]. _cDAVID J. LYNN,YUSHENG HAO |
| 260 |
_aHoboken : _bJohn Wiley & Sons, Inc., _c2009. |
||
| 300 | _a1 online resource (307 p.) | ||
| 500 | _aDescription based upon print version of record. | ||
| 505 | 0 | _aActive Private Equity Real Estate Strategy; Contents; Preface; Disclaimer; Acknowledgments; About the Authors; Part One: Market Analysis and Forecasts; Chapter 1: Overview of the U.S. Real Estate Market; Chapter 2: Forecasting the U.S. Market; Chapter 3: Recession Simulation and It's Effects on Real Estate; Chapter 4: Subprime Fallout; Chapter 5: Capital Markets; Chapter 6: The Bid-Ask Problem and Game Theory; Part Two: Active Strategies; Chapter 7: Residential Land Investment; Chapter 8: The U.S. Hotel Market and Strategy; Chapter 9: Global Gateway Industrial Market Investment | |
| 505 | 0 | _aChapter 10: The Opportunity in Senior HousingChapter 11: Active Portfolio Management Using Modern Portfolio Theory; Chapter 12: Derivatives in Private Equity Real Estate; Chapter 13: Opportunities in Infrastructure Investment; Appendix A: Typical Land Development Pro Forma Analysis-Three Scenarios; Appendix B: U.S. Hotel Chain Scales; Appendix C: Modern Portfolio Theory in Real Estate Portfolio Analytics; Appendix D: Commercial Real Estate Indexes; Appendix E: Example NPI Forecast Methodology; Selected Bibliography; Index; | |
| 520 | _a Proven private equity real estate investing strategies The subprime fallout and credit crisis have triggered a major transition in U.S. real estate. With tightening lending and underwriting standards, speculative investments and construction projects are likely to limited, resulting in constrained supply and healthier fundamentals over the long term. Looking forward, market participants anticipate that the coming years will be fraught with challenges as well as opportunities. Active Private Equity Real Estate Strategy is a collection of abridged market analyses, forecasts, and strategy paper | ||
| 650 | 4 | _aCommercial real estate -- United States. | |
| 650 | 4 | _aPrivate equity. | |
| 650 | 4 | _aReal estate investment -- United States. | |
| 650 | 4 | _aReal estate investment. | |
| 650 | 4 | _aResidential real estate -- United States. | |
| 651 | _aActive Private Equity Real Estate Strategy (E-Book) | ||
| 655 | 0 | _aElectronic books. | |
| 942 |
_2ddc _cBK |
||
| 999 |
_c193207 _d193207 |
||